Marcatori serie a 2024-2025 - Statistics

Statistiche generali
  • Questo quiz è stato fatto 243 volte
  • Il punteggio medio è 127 su 280
Statistiche sulle risposte
Posizione Giocatore Squadra Goal % Corretto
2 Kean Fiorentina 19
99%
1 Retegui Atalanta 25
98%
5 Lukaku Napoli 14
96%
7 Martinez Inter 12
96%
5 Thuram Inter 14
96%
61 Thuram Juventus 4
96%
3 Lookman Atalanta 15
95%
3 Orsolini Bologna 15
94%
13 Vlahovic Juventus 10
93%
7 McTominay Napoli 12
90%
21 Leao Milan 8
89%
11 Pulisic Milan 11
87%
7 Dovbyk Roma 12
86%
7 Lucca Udinese 12
85%
34 Dybala Roma 6
83%
34 Paz Como 6
83%
11 Krstovic Lecce 11
82%
13 Castellanos Lazio 10
81%
83 Barella Inter 3
80%
13 Reijnders Milan 10
80%
122 Zappa Cagliari 2
80%
21 Castro Bologna 8
79%
19 Dia Lazio 9
78%
29 Yildiz Juventus 7
78%
21 Kolo Muani Juventus 8
77%
61 Man Parma 4
76%
13 Piccoli Cagliari 10
76%
21 Zaccagni Lazio 8
76%
21 Esposito Empoli 8
75%
13 Pinamonti Genoa 10
75%
47 Calhanoglu Inter 5
73%
13 Pedro Lazio 10
73%
19 Adams Torino 9
72%
61 Dimarco Inter 4
72%
83 Pellegri Empoli 3
72%
186 Bastoni Inter 1
70%
29 Dumfries Inter 7
70%
47 Gimenez Milan 5
70%
29 Cutrone Como 7
69%
122 Pellegrini Roma 2
69%
29 De Ketelaere Atalanta 7
68%
34 Raspadori Napoli 6
68%
34 Anguissa Napoli 6
67%
21 Diao Como 8
67%
47 Frattesi Inter 5
67%
122 Locatelli Juventus 2
67%
61 Hernandez Milan 4
66%
83 Zapata Torino 3
65%
83 Dallinga Bologna 3
64%
83 Politano Napoli 3
64%
61 de Roon Atalanta 4
63%
186 Gatti Juventus 1
63%
47 Soule Roma 5
63%
21 Thauvin Udinese 8
63%
61 Arnautovic Inter 4
62%
122 Cambiaso Juventus 2
61%
34 Colombo Empoli 6
61%
21 Ndoye Bologna 8
61%
83 Abraham Milan 3
60%
34 Bonny Parma 6
60%
186 Buongiorno Napoli 1
60%
83 Conceicao Juventus 3
60%
61 Cristante Roma 4
60%
83 Di Lorenzo Napoli 3
60%
61 Isaksen Lazio 4
60%
122 Mancini Roma 2
60%
61 Zappacosta Atalanta 4
60%
186 Taremi Inter 1
59%
83 Koopmeiners Juventus 3
57%
122 Neres Napoli 2
57%
47 Vlasic Torino 5
57%
61 Ederson Atalanta 4
56%
61 Mandragora Fiorentina 4
56%
122 McKennie Juventus 2
56%
83 Bisseck Inter 3
55%
122 Correa Inter 2
55%
122 Gabbia Milan 2
55%
186 Mkhitaryan Inter 1
55%
34 Zortea Cagliari 6
55%
186 Fofana Milan 1
54%
83 Gonzalez Juventus 3
54%
34 Maldini Atalanta 6
54%
122 Romagnoli Lazio 2
54%
29 Saelemaekers Roma 7
54%
186 Simeone Napoli 1
54%
186 Viti Empoli 1
54%
83 Darmian Inter 3
53%
34 Gudmundsson Fiorentina 6
53%
122 Kone Roma 2
53%
83 Pasalic Atalanta 3
53%
122 Angelino Roma 2
52%
83 De Vrij Inter 3
52%
186 Fagioli Fiorentina 1
52%
61 Shomurodov Roma 4
52%
122 Baschirotto Lecce 2
51%
186 Ferguson Bologna 1
51%
34 Odgaard Bologna 6
51%
186 Ranieri Fiorentina 1
51%
186 Spinazzola Napoli 1
51%
34 Strefezza Como 6
51%
47 Djuric Parma 5
50%
61 Marusic Lazio 4
50%
122 Pavlovic Milan 2
50%
47 Weah Juventus 5
50%
83 Augusto Inter 3
49%
186 Freuler Bologna 1
49%
186 Guendouzi Lazio 1
49%
47 Mosquera Verona 5
49%
186 Ricci Torino 1
49%
186 Rrahmani Napoli 1
49%
61 Brescianini Atalanta 4
48%
47 Mota Monza 5
48%
61 Nicolussi Caviglia Venezia 4
48%
122 Zielinski Inter 2
48%
47 Beltran Fiorentina 5
47%
61 Fazzini Empoli 4
47%
186 Gila Lazio 1
47%
47 Gosens Fiorentina 5
47%
122 Zaniolo Fiorentina 2
47%
122 Douvikas Como 2
46%
83 Fabbian Bologna 3
46%
186 Mina Cagliari 1
46%
122 Pavoletti Cagliari 2
46%
186 Bernabe Parma 1
45%
186 Kalulu Juventus 1
45%
122 Noslin Lazio 2
45%
122 Vitinha Genoa 2
45%
122 Coco Torino 2
44%
83 Pellegrino Parma 3
44%
61 Sarr Verona 4
44%
83 Cataldi Fiorentina 3
43%
61 Delprato Parma 4
43%
186 De Silvestri Bologna 1
43%
83 Dominguez Bologna 3
43%
122 Savona Juventus 2
43%
122 Asllani Inter 2
42%
122 Colpani Fiorentina 2
42%
122 Davis Udinese 2
42%
122 Fila Venezia 2
42%
83 Miretti Genoa 3
42%
83 Oristanio Venezia 3
42%
83 Paredes Roma 3
42%
34 Tengstedt Verona 6
42%
186 Baldanzi Roma 1
41%
186 Casadei Torino 1
41%
186 Djimsiti Atalanta 1
41%
186 Luperto Cagliari 1
41%
186 Comuzzo Fiorentina 1
40%
61 Elmas Torino 4
40%
83 Mbangula Juventus 3
40%
122 Caqueret Como 2
39%
83 El Shaarawy Roma 3
39%
122 Jovic Milan 2
39%
186 Kamara Udinese 1
39%
122 Lovric Udinese 2
39%
122 Parisi Fiorentina 2
39%
122 Samardzic Atalanta 2
39%
122 Sanabria Torino 2
39%
186 Sottil Milan 1
39%
83 Tete Morente Lecce 3
39%
61 Adli Fiorentina 4
38%
122 Ikone Como 2
38%
186 Zalewski Inter 1
38%
186 Billing Napoli 1
37%
186 Biraghi Torino 1
37%
83 da Cunha Como 3
37%
83 Dele-Bashiru Lazio 3
37%
122 Gaetano Cagliari 2
37%
186 Holm Bologna 1
37%
122 Joao Felix Milan 2
37%
83 Marin Cagliari 3
37%
61 Pierotti Lecce 4
37%
186 Solet Udinese 1
37%
122 Valeri Parma 2
37%
122 Vecino Lazio 2
37%
83 Viola Cagliari 3
37%
186 Cambiaghi Bologna 1
36%
83 Cancellieri Parma 3
36%
83 Caprari Monza 3
36%
83 Chukwueze Milan 3
36%
83 Ekkelenkamp Udinese 3
36%
83 Vasquez Genoa 3
36%
186 Bijol Udinese 1
35%
186 Bove Fiorentina 1
35%
61 Sohm Parma 4
35%
186 Tchaouna Lazio 1
35%
122 Coppola Verona 2
34%
83 De Winter Genoa 3
34%
122 Gyasi Empoli 2
34%
186 Okafor Napoli 1
34%
186 Ramadani Lecce 1
34%
186 Zemura Udinese 1
34%
122 Anjorin Empoli 2
33%
186 Goldaniga Como 1
33%
186 Idzes Venezia 1
33%
122 Lazovic Verona 2
33%
186 Maripan Torino 1
33%
122 Pobega Bologna 2
33%
122 Venturino Genoa 2
33%
186 Izzo Monza 1
32%
122 Sulemana Atalanta 2
32%
122 Balde Monza 2
31%
83 Birindelli Monza 3
31%
122 Cacace Empoli 2
31%
122 Deiola Cagliari 2
31%
122 Frendrup Genoa 2
31%
122 Kabasele Udinese 2
31%
186 Livramento Verona 1
31%
186 Richardson Fiorentina 1
31%
186 Gabrielloni Como 1
30%
122 Gigot Lazio 2
30%
83 Hernani Parma 3
30%
186 Ilic Torino 1
30%
122 Pisilli Roma 2
30%
122 Serdar Verona 2
30%
122 Tchatchoua Verona 2
30%
122 Bravo Udinese 2
29%
186 Coulibaly Lecce 1
29%
186 Fadera Como 1
29%
186 Kouame Empoli 1
29%
186 Adopo Cagliari 1
28%
186 Bianco Monza 1
28%
186 Ekuban Genoa 1
28%
186 Leoni Parma 1
28%
186 Almqvist Parma 1
27%
122 Busio Venezia 2
27%
186 Duda Verona 1
27%
122 Gytkjaer Venezia 2
27%
186 Payero Udinese 1
27%
186 Rebic Lecce 1
27%
186 Yeboah Venezia 1
27%
186 Zanoli Genoa 1
27%
186 Zerbin Venezia 1
27%
122 Kyriakopoulos Monza 2
26%
186 Patric Lazio 1
26%
186 De Sciglio Empoli 1
25%
83 Gineitis Torino 3
25%
186 Grassi Empoli 1
25%
186 Haps Venezia 1
25%
122 Karlsson Lecce 2
25%
186 Kristensen Udinese 1
25%
186 Linetty Torino 1
25%
186 Messias Genoa 1
25%
186 Obert Cagliari 1
25%
186 Perez Venezia 1
25%
186 Valenti Parma 1
25%
186 Coman Cagliari 1
24%
122 Luvumbo Zito Cagliari 2
23%
186 Zarraga Udinese 1
23%
186 Bernede Verona 1
22%
186 Ekhator Genoa 1
22%
186 Giannetti Udinese 1
22%
186 Masini Genoa 1
22%
186 Svoboda Venezia 1
22%
186 Toure Udinese 1
22%
186 Vojvoda Como 1
22%
186 Brenner Udinese 1
21%
122 Cornet Genoa 2
21%
186 Ciurria Monza 1
20%
122 Hainaut Parma 2
20%
186 Masina Torino 1
20%
186 Sensi Monza 1
20%
186 Sverko Venezia 1
20%
186 Zampano Venezia 1
20%
186 Cande Venezia 1
19%
186 Dembele Torino 1
19%
122 Ellertsson Venezia 2
19%
186 Engelhardt Como 1
19%
186 Palomino Cagliari 1
19%
186 Kastanos Verona 1
18%
122 Vogliacco Parma 2
18%
186 Pereira Monza 1
17%
186 Bradaric Verona 1
16%
186 Nije Torino 1
16%
186 Harroui Verona 1
15%
186 Badelj Genoa 1
14%
186 Haj Mohamed Parma 1
13%
186 Lambourde Verona 1
12%
186 Urbanski Monza 1
11%
186 Charpentier Parma 1
10%
Nessun quiz corrispondente trovato
Distribuzione punteggi
Percentuale di utenti per punteggio
Percentile per numero di risposta
I tuoi punteggi nel tempo
Non hai fatto questo quiz